| 000 | 00580 a2200217 4500 | ||
|---|---|---|---|
| 001 | 140469 | ||
| 003 | OSt | ||
| 005 | 20260320144545.0 | ||
| 008 | |||
| 020 | _a9788173716720 | ||
| 082 |
_a005.741 _bP96D |
||
| 100 | 1 | _aPujari, Arun K. | |
| 245 | 1 |
_aData mining techniques _cby Arun K. Pujari |
|
| 250 | _a2nd ed. | ||
| 260 |
_aHyderabad _bUniversities Press _c2012 |
||
| 300 | _a317p. | ||
| 546 | _aenglish | ||
| 650 | _aComputer science | ||
| 653 | _aData mining; Information retrieval; Rough sets; Decision trees | ||
| 942 |
_2ddc _cBK |
||
| 999 |
_c20765 _d20765 |
||